| 000 | 00433nam a22001457a 4500 | ||
|---|---|---|---|
| 005 | 20250531162818.0 | ||
| 008 | 250531b |||||||| |||| 00| 0 eng d | ||
| 020 | _a9780805438956 | ||
| 050 |
_aBV4501 _b.3 NOE |
||
| 100 | _aNOEBEL DAVID | ||
| 245 |
_aTHINKING LIKE A CHRISTIAN; _bUNDERSTANDING AND LIVING A BIBLICAL WORLDVIEW |
||
| 260 |
_aNASHVILLE _bBROADMAN AND HOLMAN PUBLISHERS _cc2002 |
||
| 300 | _aviii184p | ||
| 942 |
_2lcc _cBK _n0 |
||
| 999 |
_c6110 _d6110 |
||